000 01360nam a2200409 i 4500
001 9259
003 KOSZ 005
005 20210505082343.0
008 071227s1967 pl a f f 000 0 pol
015 _aPB 1967/5508
035 _a(PL-WaBN)b20458022-48omnis_nlop
035 _ab20458022
035 _a(OCoLC)749563290
035 _a(PL)b0000020458022
040 _aWA N
_cWA N
_dKOSZ 005/RW
046 _k1967
080 _a796
100 1 _aNożyńska, Zofia
_d(1902-1984).
_eAutor
245 1 0 _aGimnastyka artystyczna /
_cZofia Nożyńska, Halina Kubalska.
260 _aWarszawa :
_b"Sport i Turystyka",
_c1967.
300 _a223, [1] strony :
_bilustracje ;
_c23 cm.
336 _aTekst
_btxt
_2rdacontent
337 _aBez urządzenia pośredniczącego
_bn
_2rdamedia
338 _aWolumin
_bnc
_2rdacarrier
380 _aKsiążki
388 _a1901-2000
504 _aBibliografia na stronach 221-[222].
650 7 _aGimnastyka artystyczna
_2DBN
655 7 _aPodręcznik
_2DBN
658 _aKultura fizyczna i sport
658 _aEdukacja i pedagogika
700 1 _aKubalska, Halina.
_eAutor
710 2 _aWydawnictwo Sport i Turystyka
_4pbl
856 _uhttp://koha.tu.koszalin.pl/cgi-bin/koha/opac-detail.pl?biblionumber=9259
_yKatalog online BPK
942 _2UKD
_cKS
999 _c9259
_d9259